Základní informace o metrologii

Guardado en:
Detalles Bibliográficos
Formato: Libro
Lenguaje:checo
Publicado: Praha Česká metrologická společnost [1991]
Edición:1. vyd.
Colección:Sborník výukových materiálů
Materias:
Etiquetas: Agregar Etiqueta
Sin Etiquetas, Sea el primero en etiquetar este registro!

MARC

LEADER 00000nam a2200000 4500
001 c000969
005 20250513075129.4
041 0 |a cze 
044 |a CZ 
245 1 0 |a Základní informace o metrologii 
250 |a 1. vyd. 
264 1 |a Praha  |b Česká metrologická společnost  |c [1991] 
300 |a 149 s. 
490 1 |a Sborník výukových materiálů 
830 0 |a Sborník výukových materiálů 
610 2 0 |a metrológia 
610 2 0 |a metodológia 
610 2 0 |a predpisy právne 
610 2 0 |a obchod 
610 2 0 |a normalizácia 
610 2 0 |a podnik 
610 2 0 |a riadenie kvality 
610 2 0 |a informatika